[Event "AaM"]
[Site "Aarhus"]
[Date "1983.??.??"]
[Round "1"]
[White "Christiansen, Arne"]
[Black "Jensen, Vagn"]
[Result "1-0"]
[WhiteElo "2200"]
[BlackElo "2205"]

1. Nf3 f5 2. g3 Nf6 3. Bg2 g6 4. O-O Bg7 5. c4 O-O 6. Nc3 d6 7. d4 c6
8. Re1 Ne4 9. Qc2 Nxc3 10. Qxc3 c5 11. Qd3 Na6 12. d5 Rb8 13. a3 Qc7
14. Nd2 Bd7 15. Rb1 b5 16. e4 f4 17. gxf4 Rxf4 18. Nf3 Rff8 19. Bg5
bxc4 20. Qxc4 Bb5 21. Qc2 c4 22. b3 c3 23. Re3 Ba4 24. e5 Rfc8 25. Bh3
Bd7 26. Bxd7 Qxd7 27. Bf4 Qg4+ 28. Bg3 Rc5 29. Rd1 Qf5 30. Nd4 Qxc2
31. Nxc2 Rxb3 32. exd6 exd6 33. Bxd6 Rc8 34. Be7 Rb2 35. Re2 Bh6 36. d6
Nc5 37. d7 Nxd7 38. Rxd7 Bd2 39. Bf6 Rxc2 40. Ree7 Bh6 41. Rxh7 Rc1+
42. Kg2 1-0

[Event "AaM"]
[Site "Aarhus"]
[Date "1983.??.??"]
[Round "1"]
[White "Ochsner, Thomas"]
[Black "Holst, Per"]
[Result "1-0"]
[WhiteElo "2200"]
[BlackElo "2200"]

1. e4 e6 2. d4 d5 3. Nd2 Nf6 4. e5 Nfd7 5. Bd3 c5 6. c3 Nc6 7. Ne2 cxd4
8. cxd4 f6 9. exf6 Nxf6 10. Nf3 Bd6 11. O-O Qc7 12. Nc3 a6 13. Bg5 O-O
14. Bh4 Nh5 15. Rc1 g6 16. Bg3 Bf4 17. Bxf4 Qxf4 18. Ne2 Qf6 19. Bb1
Bd7 20. Re1 Rae8 21. Ng3 Nf4 22. Ne5 Re7 23. Qd2 Be8 24. Nxc6 Bxc6 25.
Re5 Be8 26. Qe3 Qh4 27. Ne2 Nxe2+ 28. Qxe2 Qxd4 29. Rd1 Qb6 30. Rdxd5
Bf7 31. Rd1 Rd8 32. Rxd8+ Qxd8 33. Re3 Rc7 34. Bc2 Qc8 35. Bd1 Rc1 36.
Rd3 Rc6 37. h3 e5 38. Qd2 Qf5 39. Rd8+ Kg7 40. Rd7 Kf6 1-0

[Event "AaM"]
[Site "Aarhus"]
[Date "1983.??.??"]
[Round "1"]
[White "Schmidt, Kristen"]
[Black "Jacobsen, Bo"]
[Result "0-1"]
[WhiteElo "2200"]
[BlackElo "2320"]

1. d4 Nf6 2. c4 d6 3. Nc3 g6 4. e4 Bg7 5. Be2 O-O 6. Bg5 h6 7. Be3 e5
8. d5 c6 9. Qd2 cxd5 10. cxd5 h5 11. f3 a6 12. a4 b6 13. a5 b5 14. Na2
Nh7 15. Bb6 Qh4+ 16. g3 Qe7 17. Nb4 f5 18. O-O-O Nf6 19. Nc6 Qd7 20.
Qc2 Bb7 21. Nxb8 Raxb8 22. Kb1 Rbc8 23. Qd3 fxe4 24. fxe4 Rc4 25. Bf3
Bxd5 26. exd5 e4 27. Bxe4 Nxe4 28. Ne2 Nf2 29. Bxf2 Rxf2 30. Rd2 Qe8
31. Rhd1 Rxh2 32. Nf4 Rxd2 33. Rxd2 Qe1+ 34. Rd1 Qe5 35. Rd2 Qe1+ 36.
Rd1 Qe5 37. Rd2 Rb4 38. Qe2 Qf5+ 39. Ka2 Ra4+ 40. Kb3 Rc4 41. Qd3 Bh6
0-1

[Event "AaM"]
[Site "Aarhus"]
[Date "1983.??.??"]
[Round "1"]
[White "Sorensen, Torben N"]
[Black "Rasmussen, Karsten"]
[Result "0-1"]
[WhiteElo "2200"]
[BlackElo "2200"]

1. Nf3 g6 2. c4 Bg7 3. Nc3 d6 4. g3 e5 5. Bg2 Nc6 6. O-O f5 7. d3 Nge7
8. Rb1 h6 9. Nd5 Be6 10. Nd2 O-O 11. b4 Qd7 12. b5 Nd8 13. a4 g5 14. a5
Rb8 15. f4 gxf4 16. gxf4 Ng6 17. Ba3 Nf7 18. fxe5 Nfxe5 19. Nf4 Nxf4
20. Rxf4 Ng4 21. d4 Ne3 22. Qb3 Nxg2 23. Kxg2 Bf6 24. d5 Bf7 25. Bb2
Bh5 26. Nf3 Kh7 27. Bxf6 Rxf6 28. Kf2 Rg8 29. Rg1 Rxg1 30. Nxg1 Qg7
31. Qd3 Bg4 32. Nf3 Qg6 33. Nd4 Qh5 34. Qg3 Rg6 35. Ne6 Kg8 36. Rd4
Bxe2 37. Nf4 Rxg3 38. Nxh5 Rd3 39. Rh4 Bxh5 40. Rxh5 Kg7 41. Rxf5 Rd4
42. b6 axb6 43. axb6 Rxc4 44. Rf3 Rc2+ 45. Kg3 c5 46. Re3 Rb2 47. Re7+
Kf6 48. Re6+ Kf5 49. Rxd6 c4 50. Rxh6 c3 51. Rh5+ Ke4 52. d6 Rxb6 53.
Rc5 Kd4 54. Rc7 Rxd6 55. Rxb7 c2 56. Rc7 Kd3 57. Rxc2 Kxc2 58. Kg4 Kd3
59. h4 Ke4 60. Kg5 Rd2 61. h5 Ke5 62. Kg6 Ke6 63. h6 Rg2+ 64. Kh7 Kf7
65. Kh8 Rg8+ 66. Kh7 Rg6 0-1

[Event "AaM"]
[Site "Aarhus"]
[Date "1983.??.??"]
[Round "2"]
[White "Christiansen, Arne"]
[Black "Sorensen, Torben N"]
[Result "1/2-1/2"]
[WhiteElo "2200"]
[BlackElo "2200"]

1. Nf3 Nf6 2. b3 b6 3. Bb2 Bb7 4. e3 e6 5. Be2 Be7 6. O-O O-O 7. c4 c5
8. Nc3 Nc6 9. d4 cxd4 10. Nxd4 a6 11. Bf3 Qc7 12. Rc1 Rfd8 13. Qe2 Rac8
14. Rfd1 Qb8 15. h3 h6 16. Na4 Qa7 17. Nxc6 Bxc6 18. Bxc6 Rxc6 19. e4
d6 20. Nc3 Nd7 21. g3 Bf6 22. Kg2 Qb7 23. Rc2 b5 24. cxb5 axb5 25. Rdc1
Rdc8 26. Nd1 Rxc2 27. Rxc2 Rxc2 28. Qxc2 Bxb2 29. Nxb2 d5 30. f3 dxe4
31. Qxe4 Qa6 32. a4 Nc5 33. Qe2 Qa5 34. Qc2 bxa4 1/2-1/2

[Event "AaM"]
[Site "Aarhus"]
[Date "1983.??.??"]
[Round "2"]
[White "Holst, Per"]
[Black "Schmidt, Kristen"]
[Result "0-1"]
[WhiteElo "2200"]
[BlackElo "2200"]

1. c4 Nf6 2. Nc3 g6 3. e4 d6 4. d4 Bg7 5. f3 O-O 6. Be3 e5 7. d5 c6 8.
Bd3 b5 9. cxb5 cxd5 10. exd5 Nbd7 11. Bc2 Nb6 12. Bb3 e4 13. Qd2 exf3
14. Nxf3 Ng4 15. O-O Nxe3 16. Qxe3 Bd7 17. a4 Qc7 18. Rac1 Nc4 19. Qf2
Nxb2 20. Ne4 Qd8 21. Qd2 a6 22. Rc2 Bf5 23. Qb4 axb5 24. axb5 Qb6+ 25.
Kh1 Ra5 26. Rc6 Qxb5 27. Qxb5 Rxb5 28. Nxd6 Rxb3 29. Nxf5 gxf5 30. Nh4
f4 31. Nf5 Re8 32. h3 Rd3 33. Nxg7 Kxg7 34. Rxf4 Rxd5 35. Rc7 Rf8 36.
Rg4+ Kf6 37. Rf4+ Kg6 38. Rg4+ Rg5 39. Rd4 Re8 40. g4 Re1+ 41. Kh2 Rge5
42. Rdd7 R5e2+ 43. Kg3 Rf1 44. h4 Nd1 0-1

[Event "AaM"]
[Site "Aarhus"]
[Date "1983.??.??"]
[Round "2"]
[White "Rasmussen, Karsten"]
[Black "Ochsner, Thomas"]
[Result "1/2-1/2"]
[WhiteElo "2200"]
[BlackElo "2200"]

1. c4 e6 2. Nf3 Nf6 3. g3 b6 4. Bg2 Bb7 5. O-O Be7 6. b3 O-O 7. Bb2 d5
8. e3 c5 9. Nc3 Nc6 10. cxd5 Nxd5 11. Nxd5 Qxd5 12. d4 Qd7 13. dxc5
Qxd1 14. Rfxd1 Bxc5 15. Rd7 Na5 16. Ne5 Bxg2 17. Kxg2 f6 18. Nd3 Rfd8
19. Nxc5 bxc5 20. Rad1 Nc6 21. g4 h6 22. h4 e5 23. R1d5 Rxd7 24. Rxd7
Rd8 25. Rc7 Nb4 26. Ba3 Nxa2 27. Rxa7 Rd2 28. Ra8+ Kf7 29. Bxc5 Nc1
30. b4 Nd3 31. e4 Rc2 32. Rd8 Nxc5 1/2-1/2

[Event "AaM"]
[Site "Aarhus"]
[Date "1983.??.??"]
[Round "3"]
[White "Jacobsen, Bo"]
[Black "Holst, Per"]
[Result "1-0"]
[WhiteElo "2320"]
[BlackElo "2200"]

1. c4 e5 2. Nc3 Nf6 3. Nf3 Nc6 4. d3 g6 5. a3 a5 6. e3 Bg7 7. Be2 O-O
8. O-O Re8 9. Qc2 d6 10. Re1 Bf5 11. Nd2 Ne7 12. Rb1 c6 13. Nf3 Qc7
14. e4 Bd7 15. b4 axb4 16. axb4 d5 17. c5 d4 18. Na4 Nc8 19. Bg5 h6
20. Bh4 Nh7 21. Bg3 Qd8 22. Bd1 f6 23. Qb2 Nf8 24. Bb3+ Kh7 25. Qc2 Ne6
26. Nd2 h5 27. Nc4 Nc7 28. Nab6 Nxb6 29. Nxb6 Ra7 30. Ra1 Rxa1 31. Rxa1
Nb5 32. Bf7 Rh8 33. Bc4 Nd6 34. Rf1 g5 35. h4 Nc8 36. Nxd7 Qxd7 37. Qa2
Ne7 38. Be6 Qc7 39. Bf7 Ng6 40. hxg5 Rf8 41. Bxg6+ Kxg6 42. f4 fxg5
43. Qe6+ Rf6 44. f5+ Kh6 45. Bxe5 Rxe6 46. Bxc7 Re8 47. Bd6 Bf6 48. e5
Bxe5 49. f6 Bxd6 50. cxd6 Rd8 51. d7 1-0

[Event "AaM"]
[Site "Aarhus"]
[Date "1983.??.??"]
[Round "3"]
[White "Ochsner, Thomas"]
[Black "Christiansen, Arne"]
[Result "1/2-1/2"]
[WhiteElo "2200"]
[BlackElo "2200"]

1. e4 e5 2. Bc4 Nf6 3. d3 Nc6 4. Nc3 Bc5 5. f4 d6 6. Nf3 O-O 7. Na4 Bb6
8. Nxb6 axb6 9. fxe5 Nxe5 10. Nxe5 dxe5 11. Bg5 Qd6 12. Qf3 Bg4 13. Qg3
Bh5 14. Qh4 Bg6 15. O-O-O Kh8 16. Rdf1 Ng8 17. Kb1 f6 18. Bc1 Bf7 19.
Bxf7 Rxf7 20. g4 Qe6 21. b3 b5 22. c3 Rd7 23. Rf3 c5 24. c4 bxc4 25.
dxc4 b5 26. cxb5 c4 27. Re1 cxb3 28. Rxb3 Rxa2 29. Qg3 Rxh2 30. Ree3
Rh1 31. Rec3 Rb7 32. Rc6 Qd7 33. Qc3 Ne7 34. Rc5 Rd1 35. b6 Qd8 36. Rc7
Rd7 37. Rxb7 Rxb7 38. Qc5 h6 39. Kc2 Kh7 40. Be3 Qc8 41. Qxc8 Nxc8 42.
Kc3 Kg6 43. Kc4 h5 44. gxh5+ Kxh5 45. Kb5 Nxb6 46. Bxb6 g6 47. Kc6 Rf7
48. Kd5 f5 49. exf5 Rxf5 50. Ke4 Rf1 51. Rg3 g5 52. Be3 g4 53. Kxe5 Rf3
1/2-1/2

[Event "AaM"]
[Site "Aarhus"]
[Date "1983.??.??"]
[Round "3"]
[White "Schmidt, Kristen"]
[Black "Rasmussen, Karsten"]
[Result "1/2-1/2"]
[WhiteElo "2200"]
[BlackElo "2200"]

1. e4 e6 2. d4 d5 3. Nd2 Nf6 4. e5 Nfd7 5. Bd3 c5 6. c3 Nc6 7. Ngf3
cxd4 8. cxd4 Qb6 9. O-O Nxd4 10. Nxd4 Qxd4 11. Nf3 Qb6 12. Qa4 Qb4 13.
Qc2 Qc5 14. Bxh7 Qxc2 15. Bxc2 b6 16. Bf4 Bc5 17. Ba4 Rb8 18. Rac1 b5
19. Bc2 Bb7 20. Rfe1 O-O 21. Be3 Rbc8 22. Bxc5 Rxc5 23. Bd3 b4 24. Rxc5
Nxc5 25. Bb5 a6 26. Bf1 a5 27. Bb5 Rc8 28. Rc1 f6 29. Kf1 Kf7 30. Ke2
Ke7 31. h4 Ne4 32. Rxc8 Bxc8 33. exf6+ Kxf6 34. Nd4 Nd6 35. Bd3 e5 36.
Nc6 e4 37. Bc2 Ba6+ 38. Kd1 Nc4 39. b3 Nd6 40. Nxa5 Bb5 41. Kd2 Ke5
42. Bd1 Kd4 43. g4 Kc5 44. Ke3 Bd3 45. Kf4 Kb6 46. Ke5 Nb5 47. g5 Kxa5
48. h5 d4 49. h6 gxh6 50. gxh6 e3 51. fxe3 dxe3 52. Kf4 Nd6 53. Kxe3
Bg6 54. Kd2 Nf7 1/2-1/2

[Event "AaM"]
[Site "Aarhus"]
[Date "1983.??.??"]
[Round "3"]
[White "Sorensen, Torben N"]
[Black "Jensen, Vagn"]
[Result "1-0"]
[WhiteElo "2200"]
[BlackElo "2205"]

1. Nf3 d6 2. d4 Bg4 3. e4 Nf6 4. Nc3 c6 5. h3 Bxf3 6. Qxf3 Nbd7 7. Be3
e6 8. g4 d5 9. g5 Ng8 10. Bd3 a6 11. Ne2 b5 12. c3 Nb6 13. b3 Ba3 14.
Rb1 Ne7 15. h4 Qd7 16. Nf4 g6 17. h5 O-O-O 18. e5 a5 19. Kf1 Nf5 20. h6
Be7 21. Ne2 Kc7 22. Kg2 Ra8 23. Ng3 Qd8 24. Nxf5 exf5 25. Qg3 Kb7 26.
c4 b4 27. c5 Nd7 28. a3 Nf8 29. Ra1 Ne6 30. f4 Kc7 31. axb4 axb4 32.
Ba6 Qd7 33. Ra4 Rhb8 34. Rha1 Kd8 35. Qe1 Bxg5 36. fxg5 f4 37. Bg1 Nxg5
38. Qh4 f6 39. Bd3 f3+ 40. Kf1 Rxa4 41. Rxa4 1-0

[Event "AaM"]
[Site "Aarhus"]
[Date "1983.??.??"]
[Round "4"]
[White "Christiansen, Arne"]
[Black "Schmidt, Kristen"]
[Result "0-1"]
[WhiteElo "2200"]
[BlackElo "2200"]

1. e4 c5 2. Nf3 e6 3. d4 cxd4 4. Nxd4 Nf6 5. Nc3 Bb4 6. Bd3 d5 7. exd5
Nxd5 8. Nde2 O-O 9. Bd2 Nf6 10. O-O Nbd7 11. a3 Be7 12. Ng3 Nc5 13. Bc4
Bd7 14. Qe2 Rc8 15. Rfe1 Qc7 16. Bb5 a6 17. Bxd7 Ncxd7 18. Nh5 Nxh5
19. Qxh5 Qc5 20. Qf3 Qc6 21. Qe2 Nb6 22. Rec1 Nc4 23. Nd1 Bf6 24. Rab1
Rfd8 25. Be3 Qe4 26. Qe1 Bd4 27. Kf1 Bxe3 28. Nxe3 Nd2+ 29. Kg1 Nxb1
30. Rxb1 Rd7 31. h3 Rcd8 32. Qc3 h6 33. Re1 Rd2 34. Qc7 Qh4 35. Rf1
R8d7 36. Qc3 Re2 37. g3 Qd4 38. Qb3 Qe4 39. Qc3 Rdd2 40. Qc5 Qf3 0-1

[Event "AaM"]
[Site "Aarhus"]
[Date "1983.??.??"]
[Round "4"]
[White "Jensen, Vagn"]
[Black "Holst, Per"]
[Result "1-0"]
[WhiteElo "2205"]
[BlackElo "2200"]

1. e4 e6 2. d4 d5 3. Nd2 Nf6 4. e5 Nfd7 5. Bd3 c5 6. c3 Nc6 7. Ngf3
cxd4 8. cxd4 Qb6 9. O-O Nxd4 10. Nxd4 Qxd4 11. Nf3 Qb6 12. Qc2 Qc5 13.
Qe2 Be7 14. Bd2 O-O 15. Rac1 Qb6 16. Rc3 f5 17. exf6 Nxf6 18. Ne5 Bd6
19. Be3 Qd8 20. Bd4 Bd7 21. Bb1 Be8 22. Rh3 g6 23. Ng4 Nxg4 24. Qxe6+
Bf7 25. Qxg4 1-0

[Event "AaM"]
[Site "Aarhus"]
[Date "1983.??.??"]
[Round "4"]
[White "Rasmussen, Karsten"]
[Black "Jacobsen, Bo"]
[Result "0-1"]
[WhiteElo "2200"]
[BlackElo "2320"]

1. c4 e5 2. g3 Nf6 3. Bg2 Nc6 4. Nc3 Bc5 5. e3 O-O 6. Nge2 d6 7. O-O
Re8 8. d3 Bf5 9. Nd5 Nxd5 10. cxd5 Ne7 11. d4 Bb6 12. a4 c6 13. dxe5
dxe5 14. e4 Bg4 15. h3 Bd7 16. Bd2 cxd5 17. exd5 Nf5 18. a5 Bc7 19. Bb4
Bd6 20. Bxd6 Nxd6 21. Re1 Rc8 22. Qb3 Bf5 23. Nc3 Qd7 24. Kh2 Rc5 25.
Qa3 Qc7 26. Rec1 Rc8 27. Ne2 h6 28. Qe3 Nc4 29. Qf3 Qd7 30. b4 R5c7
31. Qb3 Nd6 32. Qe3 Nc4 33. Qb3 Kh8 34. Rc3 f6 35. Rac1 Nd6 36. Rc5 Ne4
37. Rxc7 Rxc7 38. Qe3 Rxc1 39. Nxc1 Qxd5 40. Qxa7 Qd2 41. Qxb7 Qxf2
42. Ne2 Ng5 43. Kh1 Qe1+ 44. Ng1 Nxh3 45. Qb6 Nf2+ 46. Kh2 Ng4+ 47. Kh1
Qxg3 48. Qb8+ Kh7 49. Nf3 Ne3 0-1

[Event "AaM"]
[Site "Aarhus"]
[Date "1983.??.??"]
[Round "4"]
[White "Sorensen, Torben N"]
[Black "Ochsner, Thomas"]
[Result "1/2-1/2"]
[WhiteElo "2200"]
[BlackElo "2200"]

1. Nf3 Nf6 2. c4 e6 3. g3 Be7 4. Bg2 O-O 5. O-O d5 6. d4 b6 7. Ne5 Bb7
8. Nc3 Na6 9. b3 c5 10. cxd5 Nxd5 11. Nxd5 Bxd5 12. e4 Bb7 13. d5 exd5
14. exd5 Nb4 15. Nc6 Bxc6 16. dxc6 Rc8 17. Qxd8 Rfxd8 18. Bf4 g5 19. c7
Re8 20. Bd2 Rxc7 21. Bxb4 cxb4 22. Rfe1 Rd8 23. Re2 Bf6 24. Rae1 Bc3
25. Re8+ Kg7 26. Rxd8 Bxe1 27. Rd1 Bc3 28. Bf1 Kf6 29. Bc4 Be5 30. Rd8
Ke7 31. Rd5 f6 32. Kg2 a5 1/2-1/2

[Event "AaM"]
[Site "Aarhus"]
[Date "1983.??.??"]
[Round "5"]
[White "Holst, Per"]
[Black "Rasmussen, Karsten"]
[Result "1/2-1/2"]
[WhiteElo "2200"]
[BlackElo "2200"]

1. d4 Nf6 2. c4 g6 3. Nc3 Bg7 4. e4 d6 5. f3 O-O 6. Be3 Nc6 7. Nge2 a6
8. Qd2 Re8 9. Nc1 e5 10. Nb3 exd4 11. Nxd4 Ne5 12. Rd1 c6 13. Nc2 Be6
14. b3 Nh5 15. Be2 Qh4+ 16. Bf2 Qf6 17. Nd4 Nf4 18. O-O b5 19. Be3 Bh6
20. Kh1 bxc4 21. Nxe6 fxe6 22. Bxc4 d5 23. Be2 Nf7 24. g3 Nxe2 25. Nxe2
Bg7 26. exd5 cxd5 27. Nf4 d4 28. Bg1 Rad8 29. Nd3 Qf5 30. Qe2 Nd6 31.
Rc1 Nb5 32. Rc5 e5 33. f4 Nc3 34. Qf3 Ne4 35. g4 Nd2 36. gxf5 Nxf3 37.
Rxf3 e4 38. Rg3 exd3 39. Rxd3 gxf5 40. Rxf5 Re4 41. Kg2 Re2+ 42. Kf3
Rxa2 43. Rg5 Kf7 44. Rc5 Rd7 45. Rc4 Bf6 46. h3 Ra1 47. Bxd4 Ra5 48.
Ke4 Rad5 49. Ra4 R5d6 50. Rc4 h5 51. Ra4 h4 52. Rc4 Bg7 53. Ra4 Bf6
1/2-1/2

[Event "AaM"]
[Site "Aarhus"]
[Date "1983.??.??"]
[Round "5"]
[White "Jacobsen, Bo"]
[Black "Christiansen, Arne"]
[Result "1/2-1/2"]
[WhiteElo "2320"]
[BlackElo "2200"]

1. c4 Nf6 2. g3 g6 3. Bg2 Bg7 4. Nc3 O-O 5. d4 d6 6. Nf3 Nc6 7. O-O a6
8. h3 Rb8 9. Qc2 Bd7 10. Rd1 b5 11. d5 Na5 12. cxb5 axb5 13. b4 Nc4
14. Nd4 Nb6 15. Rb1 Qc8 16. Kh2 Qa6 17. f4 e6 18. e4 exd5 19. exd5 Rfe8
20. Qd3 Re7 21. Bd2 Na4 22. Rdc1 Nxc3 23. Rxc3 Qxa2 24. Rbc1 Ne8 25.
Nc6 Bxc6 26. Rxc6 Ra8 27. Re1 Rxe1 28. Bxe1 Qa1 1/2-1/2

[Event "AaM"]
[Site "Aarhus"]
[Date "1983.??.??"]
[Round "5"]
[White "Ochsner, Thomas"]
[Black "Jensen, Vagn"]
[Result "1/2-1/2"]
[WhiteElo "2200"]
[BlackElo "2205"]

1. e4 Nc6 2. Nc3 d6 3. d4 Nf6 4. Nf3 Bg4 5. Be2 e6 6. O-O d5 7. Bg5 Be7
8. exd5 exd5 9. Re1 O-O 10. Ne5 Bxe2 11. Rxe2 Re8 12. Qd3 Nd7 13. Nxc6
bxc6 14. Rae1 f6 15. Bf4 Nb6 16. Qg3 Nc4 17. Bxc7 Qd7 18. b3 Na3 19.
Bf4 Bb4 20. Qd3 Rxe2 21. Rxe2 Qg4 22. Bd2 Qg6 23. Qxg6 hxg6 24. Be1 Kf7
25. Kf1 Re8 26. Nb5 Rxe2 27. Kxe2 Nxb5 28. Bxb4 Nxd4+ 29. Kd3 Ne6 30.
g3 c5 31. Bd2 Ke7 32. c4 Kd6 33. cxd5 Kxd5 34. Be3 a6 35. a3 Nd8 36.
Kc3 Nc6 37. h3 Na7 38. Kd3 1/2-1/2

[Event "AaM"]
[Site "Aarhus"]
[Date "1983.??.??"]
[Round "5"]
[White "Schmidt, Kristen"]
[Black "Sorensen, Torben N"]
[Result "1-0"]
[WhiteElo "2200"]
[BlackElo "2200"]

1. e4 c5 2. b3 b6 3. Nf3 Bb7 4. Bc4 e6 5. Qe2 a6 6. Bb2 Nf6 7. e5 Nd5
8. Bxd5 Bxd5 9. Nc3 Bb7 10. O-O-O Be7 11. d4 cxd4 12. Nxd4 Qc7 13. f4
Nc6 14. Ne4 Nxd4 15. Rxd4 Bc6 16. Nd6+ Bxd6 17. exd6 Qb7 18. f5 O-O-O
19. Rg4 Rhg8 20. Rf1 g6 21. fxg6 f5 22. gxh7 Rxg4 23. h8=Q Rxh8 24.
Bxh8 Rxg2 25. Rxf5 Kb8 26. Rf2 Ka7 27. Bd4 Rg1+ 28. Kb2 Qb8 29. Qe5 Kb7
30. a4 Qg8 31. Re2 Qg5 32. Bxg1 Qxg1 33. a5 bxa5 34. Rd2 a4 35. Qa5
axb3 36. Qc7+ Ka8 37. Qxc6+ dxc6 38. d7 Qg7+ 39. c3 1-0

[Event "AaM"]
[Site "Aarhus"]
[Date "1983.??.??"]
[Round "6"]
[White "Christiansen, Arne"]
[Black "Holst, Per"]
[Result "1-0"]
[WhiteElo "2200"]
[BlackElo "2200"]

1. d4 Nf6 2. c4 e6 3. Nf3 d5 4. Nc3 Bb4 5. e3 O-O 6. Bd3 c5 7. O-O b6
8. cxd5 exd5 9. dxc5 bxc5 10. Ne2 Nc6 11. b3 Bg4 12. Bb2 d4 13. exd4
Bxf3 14. gxf3 cxd4 15. Nxd4 Nxd4 16. Bxd4 Nh5 17. Kh1 Qh4 18. Rg1 Bd6
19. f4 Bxf4 20. Qxh5 1-0

[Event "AaM"]
[Site "Aarhus"]
[Date "1983.??.??"]
[Round "6"]
[White "Jensen, Vagn"]
[Black "Rasmussen, Karsten"]
[Result "0-1"]
[WhiteElo "2205"]
[BlackElo "2200"]

1. e4 c6 2. d4 d5 3. exd5 cxd5 4. c4 Nf6 5. Nc3 e6 6. Nf3 Bb4 7. Bd3
O-O 8. O-O dxc4 9. Bxc4 a6 10. Bg5 Nbd7 11. Qe2 b5 12. Bb3 Bb7 13. Rfd1
Nb6 14. Ne5 h6 15. Bh4 Bxc3 16. bxc3 Nbd5 17. Ng4 Nf4 18. Qd2 N4d5 19.
Re1 Kh8 20. Nxh6 Qc7 21. Bxf6 Nxf6 22. Qg5 Nh7 23. Qh4 gxh6 24. Qxh6
Rg8 25. d5 Bxd5 0-1

[Event "AaM"]
[Site "Aarhus"]
[Date "1983.??.??"]
[Round "6"]
[White "Ochsner, Thomas"]
[Black "Schmidt, Kristen"]
[Result "0-1"]
[WhiteElo "2200"]
[BlackElo "2200"]

1. e4 d6 2. d4 Nf6 3. Nc3 g6 4. Nf3 Bg7 5. Be2 O-O 6. O-O c6 7. h3 b5
8. e5 Ne8 9. Bf4 Bf5 10. Bd3 dxe5 11. Bxe5 Nd6 12. Re1 Bxd3 13. Qxd3
Nd7 14. Bxg7 Kxg7 15. d5 cxd5 16. Nxd5 e6 17. Rad1 Nc4 18. Ne3 Ndb6
19. Qe4 Qc7 20. Nd4 Nxe3 21. Rxe3 Rad8 22. Rc3 Qe7 23. Rdd3 Rd5 24. Nc6
Qd7 25. Nb4 Rxd3 26. Rxd3 Qe7 27. Qe5+ Qf6 28. Qxf6+ Kxf6 29. Rf3+ Kg7
30. Ra3 Ra8 31. Ra5 Nc4 32. Rxb5 Nxb2 33. Na6 Nd1 34. Rb7 Rc8 35. Nc7
a5 36. Nxe6+ Kf6 37. Nc7 Nc3 38. a3 a4 39. g3 Rd8 40. Rb6+ Ke7 41. Rc6
Nb1 42. Nb5 Rd5 43. Nc3 Nxc3 44. Rxc3 Rd1+ 45. Kg2 Ra1 46. Kf3 Ke6 47.
Ke4 f5+ 48. Kd4 Rf1 49. f4 Kd6 50. Kc4 Re1 51. Rd3+ Kc6 52. Kb4 Re4+
53. c4 Re1 54. Kxa4 Kc5 55. Kb3 Rb1+ 56. Kc3 Rc1+ 57. Kd2 Rh1 58. h4
Kxc4 59. Re3 Rh2+ 60. Re2 Rh3 61. Rg2 Rh1 62. Ke3 Ra1 63. Rc2+ Kd5 64.
Rc3 Ra2 65. Rb3 Kc5 66. Rd3 Rg2 67. Kf3 Ra2 68. g4 Kc4 69. Re3 Kd4 70.
g5 Rh2 71. Kg3 Kxe3 72. Kxh2 Kxf4 73. Kg2 Ke4 74. Kf2 Kd4 75. Kg3 Kc4
76. Kf4 Kb3 77. h5 Kxa3 78. h6 Kb4 79. Ke5 Kc5 80. Kf6 f4 81. Kg7 f3
82. Kxh7 f2 83. Kg7 f1=Q 84. h7 Qa1+ 85. Kg8 Qa8+ 86. Kg7 Qb7+ 87. Kg8
Qc8+ 88. Kg7 Qd7+ 89. Kxg6 Qd4 90. Kh6 Kd6 91. g6 Ke6 92. g7 Qf6+ 0-1

[Event "AaM"]
[Site "Aarhus"]
[Date "1983.??.??"]
[Round "7"]
[White "Holst, Per"]
[Black "Sorensen, Torben N"]
[Result "1/2-1/2"]
[WhiteElo "2200"]
[BlackElo "2200"]

1. d4 Nf6 2. c4 e6 3. Nc3 Bb4 4. e3 c5 5. Bd3 Nc6 6. Nge2 cxd4 7. exd4
d5 8. O-O O-O 9. a3 Be7 10. c5 b6 11. b4 bxc5 12. dxc5 e5 13. Bb2 Rb8
14. Rb1 Be6 15. f4 d4 16. fxe5 Ng4 17. Ne4 Ne3 18. Qd2 Nxf1 19. Rxf1
Nxe5 20. Nxd4 Nxd3 21. Qxd3 Qd5 22. Qg3 g6 23. Qf4 f5 24. Nc6 Qxc6 25.
Qe5 Kf7 26. Nd6+ Bxd6 27. cxd6 Qd7 28. Re1 Ke8 29. Qd5 Kf7 30. Qe5 Ke8
31. Qd5 1/2-1/2

[Event "AaM"]
[Site "Aarhus"]
[Date "1983.??.??"]
[Round "7"]
[White "Jacobsen, Bo"]
[Black "Ochsner, Thomas"]
[Result "1-0"]
[WhiteElo "2320"]
[BlackElo "2200"]

1. d3 Nf6 2. e4 d5 3. e5 Nfd7 4. f4 c5 5. c4 dxc4 6. dxc4 e6 7. Bd3 Nc6
8. Nc3 Be7 9. Be4 Qb6 10. Nf3 O-O 11. O-O f5 12. Bd3 a6 13. Qe2 Qc7
14. Be3 b6 15. Rad1 Bb7 16. Nd5 exd5 17. cxd5 Ncxe5 18. fxe5 Nxe5 19.
Bf4 Nxf3+ 20. Rxf3 Qd7 21. Re3 Bf6 22. d6 Kh8 23. Re7 Bxe7 24. dxe7
Rfe8 25. Bg5 Qd4+ 26. Kh1 Qg4 27. Qxg4 fxg4 28. Bh4 Bd5 29. Bf5 Bxa2
30. Rd8 Bf7 31. Bd7 Rg8 32. Bc6 Rb8 33. Rd2 Rbc8 34. Bd7 Rc7 35. Kg1 h6
36. Rf2 Bc4 37. Rf8 Rxd7 38. Rxg8+ Bxg8 39. e8=Q Rd1+ 40. Kf2 Rd2+ 41.
Kg3 Rxb2 42. Kf4 Rb4+ 43. Ke5 Rb2 44. Qc8 Re2+ 45. Kd6 b5 46. Bd8 c4
47. Qb7 Re6+ 48. Kc5 Rg6 49. Kd4 Kh7 50. Be7 Bf7 51. Qc8 Bg8 52. Bb4
Bf7 53. Qd7 Be6 54. Qb7 Bg8 55. Bc3 Kh8 56. Ke3 Kh7 57. Kf4 Kh8 58. Kg3
Kh7 59. Kf4 Kh8 60. Qe7 Kh7 61. Qd7 Be6 62. Qb7 Bg8 63. Qe7 Bd5 64. Qe2
Bf7 65. Qe4 Be6 66. Ke5 Bf7 67. Qf5 Bg8 68. Bd2 Be6 69. Qxg6+ Kxg6 70.
Kxe6 h5 71. Be1 Kg5 72. Bd2+ Kg6 73. Bc3 Kg5 74. g3 Kg6 75. Bd2 h4 76.
Bb4 hxg3 77. hxg3 Kg5 78. Bc3 Kg6 79. Bd2 Kh7 80. Kf7 Kh8 81. Kg6 Kg8
82. Bb4 Kh8 83. Kf5 Kh7 84. Kg5 Kg8 85. Kxg4 Kf7 86. Kf5 Ke8 87. Ke6
Kd8 88. Kd6 Ke8 89. Ke6 Kd8 90. Ba5+ Ke8 91. g4 Kf8 92. g5 Ke8 93. Bb4
Kd8 94. Kf7 Kc7 95. Kxg7 Kb6 96. g6 a5 97. Be1 1-0

[Event "AaM"]
[Site "Aarhus"]
[Date "1983.??.??"]
[Round "7"]
[White "Rasmussen, Karsten"]
[Black "Christiansen, Arne"]
[Result "1-0"]
[WhiteElo "2200"]
[BlackElo "2200"]

1. c4 Nf6 2. g3 g6 3. Bg2 Bg7 4. e4 O-O 5. d4 d6 6. Nc3 Nc6 7. Nge2 e5
8. d5 Ne7 9. O-O Nh5 10. f4 exf4 11. Nxf4 Nxf4 12. Bxf4 f5 13. Qd2 fxe4
14. Nxe4 Bf5 15. Rae1 Qd7 16. Ng5 Rae8 17. h3 Qa4 18. b3 Qa3 19. g4 Bd7
20. Ne6 Bxe6 21. Rxe6 Qb2 22. Qe1 Qd4+ 23. Be3 Rxf1+ 24. Bxf1 Qa1 25.
Qxa1 Bxa1 26. c5 Be5 27. Bb5 c6 28. cxd6 Bxd6 29. dxc6 bxc6 30. Bc4 1-0

[Event "AaM"]
[Site "Aarhus"]
[Date "1983.??.??"]
[Round "7"]
[White "Schmidt, Kristen"]
[Black "Jensen, Vagn"]
[Result "1/2-1/2"]
[WhiteElo "2200"]
[BlackElo "2205"]

1. e4 c5 2. Nf3 e6 3. c3 d5 4. exd5 Qxd5 5. d4 Nf6 6. Be2 Be7 7. O-O
cxd4 8. Nxd4 a6 9. Bf3 Qd6 10. Qb3 Nbd7 11. Nd2 Nc5 12. Nc4 Qb8 13. Qc2
e5 14. Nf5 Bxf5 15. Qxf5 e4 16. Be2 b5 17. Bf4 g6 18. Qe5 Qxe5 19. Nxe5
Rc8 20. Rad1 O-O 21. Bg5 Rfe8 22. Bxf6 Bxf6 23. Nd7 1/2-1/2